000 00806nam a2200217Ii 4500
003 JO-AjNU
008 230605s9999||||xx |||||||||||||| ||und||
017 _a2005/5/968
040 _aJO-AjNU
_bara
_erda
_cJO-AjNU
041 _aara
050 1 4 _ak1430.H3748.2006
100 3 _a هارون ، جمال ,
_eauthor
_912700
245 0 0 _aالحماية القانونية للحق الأدبي للمؤلف في التشريع الأردني " دراسة مقارنة "
250 _aط1
264 3 1 _aعمان : دار الثقافة ، 2005
300 _a367ص
336 _atext
_btxt
_2rdacontent
337 _aunmediated
_bn
_2rdamedia
338 _avolume
_bnc
_2rdacarrier
650 4 _aالملكية الفكرية -- القانون الخاص -- حقوق المؤلفين -- الاردن
_912701
999 _aA2967
_c6535
_d6535